000 00731nam a22002537a 4500
005 20211220141628.0
008 211220b ||||| |||| 00| 0 eng d
020 _a9789354955815
040 _cAL
041 _aEng
082 _223
_a531
_bGOWM
100 _aMangala Gowri M and Others
_911915
245 _aMechanics and Properties of Matter
260 _aMumbai
_bHimalaya Publishing House
_c2021
300 _a224 p.
_bPB
_c24x16 cm.
365 _a4378
_b₹180.00
_c
_d₹225.00
_e20%
_f15-12-2021
650 _aProperties
_911851
650 _aMechanics
_911852
650 _aMatter
_911853
650 _aPhysics
_911854
700 _aGOWRI (Mangala M)
_911855
700 _aNiranjana (S V)
_911856
942 _2ddc
_cBK
999 _c220978
_d220978